[Event "Guildford Spring op"]
[Site "Guildford"]
[Date "2024.04.13"]
[Round "2"]
[White "Banerjee, Supratit"]
[Black "Fava, Lorenzo"]
[Result "1/2-1/2"]
[WhiteElo "2060"]
[BlackElo "2279"]
[PlyCount "67"]
[EventDate "2024.04.12"]
[EventType "swiss"]
[EventRounds "5"]
[EventCountry "ENG"]
[SourceTitle "CB18_2024"]
[SourceDate "2024.05.01"]
[SourceVersion "1"]
[SourceVersionDate "2024.05.01"]
[SourceQuality "2"]

1. e4 d5 2. exd5 Qxd5 3. Nc3 Qa5 4. d4 Nf6 5. Nf3 Bf5 6. Ne5 c6 7. Bc4 e6 8. g4 Bg6 9. h4 Nbd7 10. Nxd7 Nxd7 11. h5 Be4 12. 0-0 Bd5 13. Nxd5 cxd5 14. Bd3 Bd6 15. Qf3 Qb6 16. c3 0-0-0 17. a4 Bc7 18. Bf4 Bxf4 19. Qxf4 Qc7 20. Qxc7+ Kxc7 21. f4 Nf6 22. f5 Nxg4 23. fxe6 fxe6 24. Rae1 Kd6 25. Re2 g6 26. Rfe1 gxh5 27. Rxe6+ Kc7 28. Re7+ Rd7 29. Bf5 Rxe7 30. Rxe7+ Kc6 31. Re6+ Kc7 32. Re7+ Kc6 33. Re6+ Kc7 34. Re7+ 1/2-1/2

[Event "Titled Tuesday intern op 02nd Apr Early"]
[Site "Chess.com INT"]
[Date "2024.04.02"]
[Round "10"]
[White "Bambino Filho, Antonio Carlos"]
[Black "Banerjee, Supratit"]
[Result "1-0"]
[WhiteElo "2169"]
[BlackElo "2060"]
[PlyCount "145"]
[EventDate "2024.04.02"]
[EventType "swiss (blitz)"]
[EventRounds "11"]
[EventCountry "USA"]
[SourceTitle "CB15_2024"]
[SourceDate "2024.04.10"]
[SourceVersion "1"]
[SourceVersionDate "2024.04.10"]
[SourceQuality "1"]

1. d4 d5 2. c4 e6 3. Nc3 Nf6 4. cxd5 exd5 5. Bg5 Be7 6. e3 0-0 7. Qc2 c6 8. Bd3 Nbd7 9. Nge2 Re8 10. 0-0 Nf8 11. f3 h6 12. Bh4 Bd6 13. Bf2 Qc7 14. h3 Qd8 15. e4 Bb8 16. e5 N6h7 17. f4 b6 18. Rad1 Bb7 19. Ng3 a5 20. Qe2 c5 21. Qh5 cxd4 22. Bxd4 Ne6 23. Bxh7+ Kxh7 24. Qxf7 Qe7 25. Qxe7 Rxe7 26. Be3 Re8 27. Nxd5 Bxd5 28. Rxd5 Nc5 29. Bxc5 bxc5 30. Rfd1 Ra7 31. Rd7 Re7 32. Rxe7 Rxe7 33. b3 g5 34. Nf5 Re8 35. Rd7+ Kh8 36. Nxh6 gxf4 37. Kf2 a4 38. Kf3 axb3 39. axb3 Bxe5 40. Nf7+ Kg8 41. Nxe5 Rxe5 42. Kxf4 Re2 43. g4 Rh2 44. Rd3 Kg7 45. Kg5 Kf7 46. h4 Re2 47. h5 Re5+ 48. Kf4 Re8 49. g5 Rf8 50. Ke5 Re8+ 51. Kf5 Rf8 52. g6+ Kg8+ 53. Kg5 Re8 54. h6 c4 55. bxc4 Re5+ 56. Kf6 Re8 57. Rd7 Ra8 58. c5 Ra6+ 59. Rd6 Ra8 60. c6 Rf8+ 61. Kg5 Ra8 62. c7 Kf8 63. Rd8+ Ke7 64. Rxa8 Kd7 65. Rf8 Kd6 66. g7 Kxc7 67. g8Q Kd6 68. Qf7 Ke5 69. Qe7+ Kd4 70. Rd8+ Kc4 71. Qc7+ Kb5 72. Rb8+ Ka6 73. Qb6# 1-0

[Event "Titled Tuesday intern op 12th Mar Late"]
[Site "Chess.com INT"]
[Date "2024.03.12"]
[Round "11"]
[White "Banerjee, Supratit"]
[Black "Khakhinov, Ilya"]
[Result "1-0"]
[WhiteElo "2025"]
[BlackElo "2236"]
[PlyCount "71"]
[EventDate "2024.03.12"]
[EventType "swiss (blitz)"]
[EventRounds "11"]
[EventCountry "USA"]
[SourceTitle "CB12_2024"]
[SourceDate "2023.10.01"]
[SourceVersion "1"]
[SourceVersionDate "2023.10.01"]
[SourceQuality "1"]

1. e4 d6 2. d4 Nf6 3. Nc3 e5 4. dxe5 dxe5 5. Qxd8+ Kxd8 6. Bg5 Be6 7. 0-0-0+ Nbd7 8. Nd5 Kc8 9. f3 c6 10. Nxf6 gxf6 11. Be3 Bc5 12. Bxc5 Nxc5 13. b3 Kc7 14. Ne2 a5 15. Nc3 a4 16. b4 Nd7 17. a3 Nb6 18. Kb2 Rhg8 19. g3 h5 20. Be2 h4 21. Rhg1 hxg3 22. hxg3 Rh8 23. Rh1 Rag8 24. g4 Bc4 25. Bd3 Rd8 26. Rxh8 Rxh8 27. Ne2 Rh3 28. f4 exf4 29. Nxf4 Rg3 30. Nh5 Rxg4 31. Nxf6 Rg2 32. Ne8+ Kb8 33. Nd6 Be6 34. Rf1 Rg7 35. Rh1 Kc7 36. Ne8+ 1-0

[Event "Titled Tuesday intern op 12th Mar Late"]
[Site "Chess.com INT"]
[Date "2024.03.12"]
[Round "3"]
[White "Suyarov, Mukhammadzokhid"]
[Black "Banerjee, Supratit"]
[Result "1-0"]
[WhiteElo "2407"]
[BlackElo "2025"]
[PlyCount "219"]
[EventDate "2024.03.12"]
[EventType "swiss (blitz)"]
[EventRounds "11"]
[EventCountry "USA"]
[SourceTitle "CB12_2024"]
[SourceDate "2023.10.01"]
[SourceVersion "1"]
[SourceVersionDate "2023.10.01"]
[SourceQuality "1"]

1. e4 e6 2. d4 d5 3. Nc3 dxe4 4. Nxe4 Nd7 5. Nf3 Ngf6 6. Nxf6+ Nxf6 7. Bd3 c5 8. 0-0 cxd4 9. Nxd4 Bc5 10. Nb3 Bd6 11. Qf3 0-0 12. Bg5 h6 13. Bh4 e5 14. h3 Qe7 15. Rae1 Be6 16. Nd2 g5 17. Bg3 Bd5 18. Qe3 Rae8 19. c4 Bc6 20. Bf5 Nh5 21. Ne4 Nf4 22. Rd1 Bc7 23. Rfe1 Bb6 24. Qf3 Rd8 25. h4 f6 26. Kh2 Qf7 27. b3 Ba5 28. Rg1 Bb6 29. a4 Bd4 30. Rge1 a6 31. a5 b5 32. axb6 Bxb6 33. Qc3 Bd4 34. Qa5 Qg7 35. Bxf4 gxf4 36. Qd2 Bxe4 37. Bxe4 f5 38. Bd5+ Kh8 39. Qe2 e4 40. Kh1 Be5 41. Qh5 Bc3 42. Rg1 Be5 43. Be6 Rxd1 44. Rxd1 f3 45. gxf3 Qf6 46. Bd5 exf3 47. Rg1 Bd6 48. Bxf3 Rd8 49. Rg6 Qa1+ 50. Kg2 Bf4 51. Rxh6+ Bxh6 52. Qxh6+ Kg8 53. Bd5+ Rxd5 54. cxd5 Qd4 55. Qe6+ Kg7 56. Qxf5 Qxh4 57. d6 Qd4 58. d7 a5 59. Kf3 a4 60. bxa4 Qc3+ 61. Kg4 Qd4+ 62. Kg3 Qc3+ 63. Qf3 Qc7+ 64. Kg2 Qxd7 65. Qg3+ Kf8 66. Qf4+ Kg7 67. Kg3 Qd3+ 68. Qf3 Qd6+ 69. Qf4 Qa3+ 70. f3 Qa1 71. Qc7+ Kg6 72. Qb6+ Kg7 73. a5 Qe1+ 74. Kf4 Qh4+ 75. Ke5 Qg5+ 76. Ke4 Qh4+ 77. f4 Qe1+ 78. Qe3 Qxa5 79. Qd4+ Kf7 80. f5 Qa8+ 81. Kf4 Qb8+ 82. Kg4 Qg8+ 83. Kf3 Qa8+ 84. Ke3 Qe8+ 85. Kf2 Qc8 86. Qe5 Qc2+ 87. Kg3 Qd3+ 88. Kh4 Qd1 89. Qe6+ Kf8 90. Qf6+ Kg8 91. Qg6+ Kh8 92. Qg5 Qh1+ 93. Kg4 Qe4+ 94. Kh5 Qh1+ 95. Kg6 Qc6+ 96. Qf6+ Qxf6+ 97. Kxf6 Kg8 98. Ke7 Kg7 99. f6+ Kg6 100. f7 Kf5 101. f8Q+ Ke5 102. Qf6+ Ke4 103. Kd6 Kd3 104. Kd5 Ke3 105. Qf5 Kd2 106. Kd4 Ke2 107. Qf4 Kd1 108. Kd3 Ke1 109. Qf8 Kd1 110. Qf1# 1-0

[Event "Titled Tuesday intern op 27th Feb Late"]
[Site "Chess.com INT"]
[Date "2024.02.27"]
[Round "6"]
[White "Cuenca Jimenez, Jose Fernando"]
[Black "Banerjee, Supratit"]
[Result "1/2-1/2"]
[WhiteElo "2499"]
[BlackElo "2137"]
[PlyCount "86"]
[EventDate "2024.02.27"]
[EventType "swiss (blitz)"]
[EventRounds "11"]
[EventCountry "USA"]
[SourceTitle "CB10_2024"]
[SourceDate "2024.03.06"]
[SourceVersion "1"]
[SourceVersionDate "2024.03.06"]
[SourceQuality "1"]

1. d4 d5 2. Bf4 Nf6 3. e3 e6 4. Nf3 Bd6 5. Ne5 0-0 6. Nd2 c5 7. c3 Nc6 8. Bd3 Qc7 9. Ndf3 Ne4 10. Nxc6 Bxf4 11. exf4 bxc6 12. g3 cxd4 13. cxd4 Rb8 14. Qc2 Qa5+ 15. Kf1 Ba6 16. Bxa6 Qxa6+ 17. Kg2 Rfc8 18. b3 c5 19. dxc5 Rxc5 20. Qb2 Rbc8 21. Rac1 h6 22. a3 Rxc1 23. Rxc1 Rxc1 24. Qxc1 Qe2 25. Qe3 Qxe3 26. fxe3 Kf8 27. Nd4 a5 28. Kf3 Ke8 29. Ke2 Kd7 30. Kd3 Kc7 31. Nf3 Kb6 32. Ne5 f6 33. Nf3 Nc5+ 34. Kc2 Kc6 35. Nd4+ Kd6 36. Nb5+ Kc6 37. Nd4+ Kd6 38. Kd2 g6 39. Kc2 h5 40. Nb5+ Kc6 41. Nd4+ Kd6 42. Nb5+ Kc6 43. Nd4+ Kd6 1/2-1/2

[Event "Cambridge op 2nd"]
[Site "Cambridge"]
[Date "2024.02.22"]
[Round "6"]
[White "Banerjee, Supratit"]
[Black "Gardner, Phillip K"]
[Result "1-0"]
[WhiteElo "2137"]
[BlackElo "1769"]
[PlyCount "47"]
[EventDate "2024.02.19"]
[EventType "swiss"]
[EventRounds "9"]
[EventCountry "ENG"]
[SourceTitle "CB09_2024"]
[SourceDate "2024.02.28"]
[SourceVersion "1"]
[SourceVersionDate "2024.02.28"]
[SourceQuality "1"]

1. e4 c5 2. c3 b6 3. d4 Bb7 4. Bd3 Nf6 5. Nd2 cxd4 6. cxd4 Nc6 7. Ne2 Nb4 8. Bb1 Ba6 9. Nf3 e6 10. 0-0 Bb7 11. a3 Na6 12. Nc3 Nc7 13. Re1 Be7 14. Qd3 d6 15. Bg5 Qd7 16. Bc2 Ba6 17. Qd2 h6 18. Bf4 Rc8 19. Rad1 Bb7 20. d5 e5 21. Bxe5 0-0 22. Bf4 Rfe8 23. Nd4 Bf8 24. Ba4 1-0

[Event "Cambridge op 2nd"]
[Site "Cambridge"]
[Date "2024.02.21"]
[Round "4"]
[White "Banerjee, Supratit"]
[Black "Lenton, Oliver J"]
[Result "1-0"]
[WhiteElo "2137"]
[BlackElo "1787"]
[PlyCount "93"]
[EventDate "2024.02.19"]
[EventType "swiss"]
[EventRounds "9"]
[EventCountry "ENG"]
[SourceTitle "CB09_2024"]
[SourceDate "2024.02.28"]
[SourceVersion "1"]
[SourceVersionDate "2024.02.28"]
[SourceQuality "1"]

1. e4 e5 2. Nf3 d6 3. d4 Nd7 4. Nc3 Ngf6 5. Be2 Be7 6. 0-0 c6 7. Re1 Qc7 8. h3 b5 9. a3 a6 10. Be3 0-0 11. Kh1 Re8 12. g4 d5 13. Nxe5 Nxe5 14. dxe5 Nxe4 15. Nxe4 dxe4 16. Qd4 c5 17. Qc3 Bb7 18. Bf1 Rac8 19. Bg2 Bh4 20. Rad1 Qxe5 21. Qxe5 Rxe5 22. Rd7 Re7 23. Red1 Kf8 24. Rd8+ Re8 25. R8d7 Ba8 26. Ra7 Re6 27. Rdd7 Be7 28. Rdc7 Rxc7 29. Rxa8+ Bd8 30. Rxd8+ Ke7 31. Rd5 g6 32. Bxc5+ Ke8 33. b4 Rd7 34. Rxd7 Kxd7 35. Bf1 f5 36. c4 Kc6 37. Be3 Rd6 38. Be2 bxc4 39. Bxc4 Kb7 40. b5 a5 41. g5 Rd8 42. Kg2 Rd7 43. Kg3 Rd8 44. Kf4 Re8 45. Bd5+ Kb8 46. b6 Re7 47. Bc5 1-0

[Event "Titled Tuesday intern op 23rd Jan Late"]
[Site "Chess.com INT"]
[Date "2024.01.23"]
[Round "11"]
[White "Banerjee, Supratit"]
[Black "Janaszak, Dawid"]
[Result "0-1"]
[WhiteElo "1984"]
[BlackElo "2308"]
[PlyCount "108"]
[EventDate "2024.01.23"]
[EventType "swiss (blitz)"]
[EventRounds "11"]
[EventCountry "USA"]
[SourceTitle "CB05_2024"]
[SourceDate "2024.01.31"]
[SourceVersion "1"]
[SourceVersionDate "2024.01.31"]
[SourceQuality "1"]

1. e4 c5 2. c3 d5 3. exd5 Nf6 4. Bb5+ Nbd7 5. Nf3 Nxd5 6. 0-0 e6 7. d4 cxd4 8. Nxd4 Be7 9. Bd2 0-0 10. Bd3 Bf6 11. Nf3 Nc5 12. Bc2 b6 13. Na3 Ba6 14. Re1 Nd3 15. Bxd3 Bxd3 16. Ne5 Bf5 17. Nac4 Qc7 18. Qe2 b5 19. Na3 a6 20. h3 h6 21. Ng4 Be7 22. Rad1 Bxa3 23. bxa3 Nxc3 24. Bxc3 Qxc3 25. Ne3 Bh7 26. a4 bxa4 27. Qg4 a3 28. Qg3 Rad8 29. Qh4 Rxd1 30. Rxd1 Qb2 31. Rd8 Qc1+ 32. Rd1 Qc7 33. Qb4 Rd8 34. Rxd8+ Qxd8 35. Qxa3 Qb6 36. Qe7 Bg6 37. a3 a5 38. Ng4 Qb1+ 39. Kh2 Qf5 40. Kg1 Kh7 41. Ne3 Qe5 42. Ng4 Qe1+ 43. Kh2 h5 44. Qh4 Qe4 45. g3 Qf5 46. Kg1 Qb1+ 47. Kh2 Qb2 48. Kg1 Qxa3 49. Ne5 Qa1+ 50. Kh2 Qxe5 51. f4 Qe2+ 52. Kg1 Qe1+ 53. Kg2 Be4+ 54. Kh2 Qh1# 0-1

[Event "Titled Tuesday intern op 23rd Jan Late"]
[Site "Chess.com INT"]
[Date "2024.01.23"]
[Round "4"]
[White "Fedoseev, Vladimir1"]
[Black "Banerjee, Supratit"]
[Result "1-0"]
[WhiteElo "2690"]
[BlackElo "1984"]
[PlyCount "51"]
[EventDate "2024.01.23"]
[EventType "swiss (blitz)"]
[EventRounds "11"]
[EventCountry "USA"]
[SourceTitle "CB05_2024"]
[SourceDate "2024.01.31"]
[SourceVersion "1"]
[SourceVersionDate "2024.01.31"]
[SourceQuality "1"]

1. e4 e6 2. d4 d5 3. Nd2 dxe4 4. Nxe4 Nd7 5. Nf3 Ngf6 6. Nc3 c5 7. Bf4 cxd4 8. Qxd4 Bc5 9. Qd2 0-0 10. 0-0-0 a6 11. g4 b5 12. g5 Ne8 13. Ne5 Ra7 14. Nc6 Qb6 15. Nxa7 Qxa7 16. Ne4 Bb7 17. Bg2 Nb6 18. Be3 Bxe3 19. Qxe3 Nc7 20. Nf6+ gxf6 21. gxf6 Kh8 22. Rhg1 Ncd5 23. Bxd5 Nxd5 24. Qh6 Rg8 25. Rxg8+ Kxg8 26. Qg7# 1-0

[Event "Harrogate 4NCL op 31st"]
[Site "Harrogate"]
[Date "2024.01.21"]
[Round "4"]
[White "Banerjee, Supratit"]
[Black "Bak, Christopher"]
[Result "1-0"]
[WhiteElo "1984"]
[BlackElo "1973"]
[PlyCount "141"]
[EventDate "2024.01.19"]
[EventType "swiss"]
[EventRounds "5"]
[EventCountry "ENG"]
[SourceTitle "CB05_2024"]
[SourceDate "2024.01.31"]
[SourceVersion "1"]
[SourceVersionDate "2024.01.31"]
[SourceQuality "1"]

1. e4 e6 2. d4 d5 3. exd5 exd5 4. Nf3 Nc6 5. Bd3 Nb4 6. Be2 Bf5 7. Na3 Bd6 8. 0-0 Ne7 9. c3 Nbc6 10. Nb5 0-0 11. Nxd6 Qxd6 12. b4 Ng6 13. b5 Nce7 14. a4 Rfe8 15. Ba3 Qf6 16. Qd2 Rad8 17. Rfe1 Be4 18. Qg5 Qf5 19. Qxf5 Nxf5 20. g3 Nd6 21. Nd2 Bc2 22. a5 Re6 23. Bf1 Ne4 24. Nxe4 Bxe4 25. Bh3 Ree8 26. Bc5 b6 27. axb6 axb6 28. Bb4 Nf8 29. Ra7 Bd3 30. Re3 Bxb5 31. Rxc7 Ra8 32. Rxe8 Rxe8 33. Bf1 Bxf1 34. Kxf1 Ne6 35. Rb7 g5 36. h3 h5 37. Rxb6 Kg7 38. Rd6 Rd8 39. Rxd8 Nxd8 40. Ke2 Kf6 41. Kd3 g4 42. h4 Nc6 43. Ba3 Ke6 44. c4 Na5 45. c5 Nc6 46. Ke3 Kf5 47. Bb2 Na5 48. Bc3 Nc6 49. f3 Ne7 50. fxg4+ Kxg4 51. Be1 Nc6 52. Bf2 Ne7 53. Kd3 Kf3 54. Be1 Nc6 55. Kc3 Ke4 56. g4 hxg4 57. h5 Kf5 58. Bh4 g3 59. Bxg3 Kg5 60. Bf2 Kxh5 61. Kb3 Kg4 62. Ka4 Kf5 63. Kb5 Ne7 64. c6 Ke6 65. Kb6 Kd6 66. Bg3+ Ke6 67. Kb7 f5 68. Bh4 Nxc6 69. Kxc6 f4 70. Be1 f3 71. Bf2 1-0